| 000 | 00522nam a2200193 a 4500 | ||
|---|---|---|---|
| 001 | 963 | ||
| 003 | CDMR | ||
| 005 | 20130930165748.0 | ||
| 008 | 130130s1985||||||||||||||||||||||||||||d | ||
| 020 | _a8450517966 | ||
| 040 |
_aCDMR _bcat _cCDMR |
||
| 100 | 1 |
_aRowlands, Avril _9750 |
|
| 245 | 1 | 3 | _aEl guión en el rodaje y la producción |
| 260 |
_aMadrid _c1985 _bInstituto Oficial de Radio y Televisión |
||
| 300 | _a163 p. | ||
| 650 | 0 | 4 |
_9836 _aGuions cinematogràfics |
| 650 | 0 | 4 |
_93143 _aGuions televisius |
| 942 |
_cMON _2udc |
||
| 999 |
_c963 _d963 |
||